EMINENT muslims in Osun State essays in honour of HRM Oba Raufu Olayiwola Olawale Adedeji II, Akinrun of Ikirun
Saved in:
| Format: | Book |
|---|---|
| Language: | English |
| Published: |
: Mega Press
2012.
|
| Tags: |
Add Tag
No Tags, Be the first to tag this record!
|
MARC
| LEADER | 00000nam a22000007a 4500 | ||
|---|---|---|---|
| 008 | 201218b ||||| |||| 00| 0 eng d | ||
| 020 | |a : 978-978-922-358-9 | ||
| 245 | |a EMINENT muslims in Osun State |b essays in honour of HRM Oba Raufu Olayiwola Olawale Adedeji II, Akinrun of Ikirun |c Siyan Oyeweso | ||
| 250 | |c Oyeweso, Siyan | ||
| 260 | |b : Mega Press |c 2012. |d Books |h Abuja |i 675970 |l DS432 .M84 |m Muslims – Nigeria | ||
| 942 | |a lcc |c BK |e Adekanye I. H. |f 18/12/2020 | ||
| 952 | |0 0 |1 0 |2 lcc |4 0 |6 DS0432 M84 |7 0 |9 794 |a HOL |b AC |c AF |d 2020-12-18 |l 0 |o DS432 .M84 |p 2020-230009 |r 2020-12-18 00:00:00 |w 2020-12-18 |y BK | ||
| 999 | |c 450 |d 450 | ||